Szczegóły MARC21

Fundusze Unii Europejskiej jako instrument wsparcia konkurencyjności regionów oraz małych i średnich przedsiębiorstw /

003 -Nazwa inst., której nr kontr. jest w polu 001 [,]
    • @
    • Nazwa instytucji, której n kontrolny jest w polu 001
    • NUKAT
005 -DATA I CZAS OSTATNIEJ MODYFIKACJI [,]
    • @
    • pole kontrolne
    • 20241231104714.0
020 -Międzynarod. znormalizowany nr książki - ISBN [ , ]
    • a
    • Numer ISBN
    • 9788375452099 Find
040 -Instytucja sporządzająca opis [ , ]
    • a
    • Instytucja, która sporządziła opis (NP)
    • WA U/98MAJ
    • c
    • Instytucja, która sporządziła rekord (NP)
    • WA U/MAJ
    • d
    • Instytucja, która zmodyfikowała rekord (P)
    • WA U/98MAJ
    • d
    • Instytucja, która zmodyfikowała rekord (P)
    • WA U/98MAPs
    • d
    • Instytucja, która zmodyfikowała rekord (P)
    • KR U/KNs
942 -Rodzaj dokumentu [ , ]
    • c
    • Rodzaj dokumentu
    • Książka
245 -Strefa tytułu i oznaczenia odpowiedzialności [0,0]
    • a
    • Tytuł
    • Fundusze Unii Europejskiej jako instrument wsparcia konkurencyjności regionów oraz małych i średnich przedsiębiorstw / Find
    • c
    • Pozostałe elementy strefy tytułu i oznaczenia odpowiedzialności (NP)
    • red. nauk. Michał Sebastian Bańka, Franciszek Gołembski ; Uniwersytet Warszawski. Wydział Dziennikarstwa i Nauk Politycznych. Katedra Europeistyki.
260 -Strefa adresu wydawniczego [ , ]
    • a
    • Miejsce wydania (P)
    • Warszawa :
    • b
    • Nazwa wydawcy (P)
    • Oficyna Wydawnicza ASPRA-JR,
    • c
    • Data wydania (P)
    • 2010.
300 -Strefa opisu fizycznego [ , ]
    • a
    • Określenie formy książki i/lub objętość (NP)
    • 241, [1] s. :
    • b
    • Oznaczenie ilustracji (NP)
    • il. ;
    • c
    • Format (NP)
    • 21 cm.
336 -Typ zawartości [ , ]
    • a
    • Termin opisujący typ zawartości
    • Tekst
    • b
    • Kod określający zawartość
    • txt
    • 2
    • Źródło (terminu i kodu)
    • rdacontent
337 -Typ mediów [ , ]
    • a
    • Tryb odtwarzania
    • Bez urządzenia pośredniczącego
    • b
    • Kod typu mediów
    • n
    • 2
    • Źródło (terminu i kodu)
    • rdamedia
338 -Typ/rodzaj nośnika [ , ]
    • a
    • Hasło opisujące typ nośnika
    • Wolumin
    • b
    • Kod typu nośnika
    • nc
    • 2
    • Źródło (terminu i kodu)
    • rdacarrier
500 -Uwaga ogólna [ , ]
    • a
    • Uwaga ogólna (NP)
    • Zawiera wykresy i tabele.
504 -Uwaga dot. bibliogr. załącznikowej [ , ]
    • a
    • Uwaga dot. bibliografii załącznikowej
    • Bibliogr. przy rozdz.
080 -Uniwersalna Klasyfikacja Dziesiętna [ , ]
    • 2
    • Identyfikator wydania tablic
    • UDC-P058
    • 9
    • UKD
    • 2329
    • a
    • Symbol klasyfikacji
    • 061.1
    • b
    • Dopowiedzenie
    • Organizacje rządowe. Organizacje międzynarodowe (rządowe).
    • 4
    • UKD2
    • 7975
    • x
    • Poddział wspólny
    • (4-67)
    • c
    • Dopowiedzenie poddz. wspólnego
    • (Kraje Unii Europejskiej).
080 -Uniwersalna Klasyfikacja Dziesiętna [ , ]
    • 2
    • Identyfikator wydania tablic
    • UDC-P058
    • 9
    • UKD
    • 3327
    • a
    • Symbol klasyfikacji
    • 339.7
    • b
    • Dopowiedzenie
    • Finanse międzynarodowe.
    • 4
    • UKD2
    • 7975
    • x
    • Poddział wspólny
    • (4-67)
    • c
    • Dopowiedzenie poddz. wspólnego
    • (Kraje Unii Europejskiej).
080 -Uniwersalna Klasyfikacja Dziesiętna [ , ]
    • 2
    • Identyfikator wydania tablic
    • UDC-P058
    • 9
    • UKD
    • 3064
    • a
    • Symbol klasyfikacji
    • 332.122
    • b
    • Dopowiedzenie
    • Obszary gospodarcze. Regiony gospodarcze. Strefy gospodarcze.
080 -Uniwersalna Klasyfikacja Dziesiętna [ , ]
    • 2
    • Identyfikator wydania tablic
    • UDC-P058
    • 9
    • UKD
    • 5610
    • a
    • Symbol klasyfikacji
    • 658.114-022.51
    • b
    • Dopowiedzenie
    • Małe przedsiębiorstwo prywatne. Mały biznes.
080 -Uniwersalna Klasyfikacja Dziesiętna [ , ]
    • 2
    • Identyfikator wydania tablic
    • UDC-P058
    • 9
    • UKD
    • 5611
    • a
    • Symbol klasyfikacji
    • 658.114-022.55
    • b
    • Dopowiedzenie
    • Średnie przedsiębiorstwo prywatne.
650 -Hasło przedmiotowe [ ,7]
    • a
    • Hasło przedmiotowe
    • Fundusze strukturalne
    • z
    • Określnik geograficzny
    • Polska.
    • 2
    • Źródło terminu
    • kaba
    • 9
    • KHW
    • 356334
650 -Hasło przedmiotowe [ ,7]
    • a
    • Hasło przedmiotowe
    • Klastry
    • z
    • Określnik geograficzny
    • Polska
    • y
    • Określnik chronologiczny
    • 1990-.
    • 2
    • Źródło terminu
    • kaba
    • 9
    • KHW
    • 370607
650 -Hasło przedmiotowe [ ,7]
    • a
    • Hasło przedmiotowe
    • Małe i średnie przedsiębiorstwa
    • z
    • Określnik geograficzny
    • Polska
    • y
    • Określnik chronologiczny
    • 1990-.
    • 2
    • Źródło terminu
    • kaba
    • 9
    • KHW
    • 355123
980 -Symbol UKD [ , ]
    • a
    • UKD
    • 061.1:339.7](4-67):332.122:658.114-022.51+658.114-022.55
700 -Hasło dodatkowe - nazwa osobowa [1, ]
    • a
    • Nazwa osobowa (NP)
    • Bańka, Michał Sebastian. Find
    • e
    • Określenie rodzaju współpracy
    • Red.
    • 9
    • KHW
    • 84877
700 -Hasło dodatkowe - nazwa osobowa [1, ]
    • a
    • Nazwa osobowa (NP)
    • Gołembski, Franciszek. Find
    • e
    • Określenie rodzaju współpracy
    • Red.
    • 9
    • KHW
    • 27352
710 -Hasło dodatkowe - nazwa ciała zbiorowego [2, ]
    • a
    • Nazwa ciała zbiorowego lub nazwa geograficzna jako pierwszy element (NP)
    • Oficyna Wydawnicza Aspra-JR.
    • 4
    • Kod relacji
    • pbl
    • 9
    • KHW
    • 54095
920 -ISBN [ , ]
    • a
    • ISBN
    • 978-83-7545-209-9 Find
Status udost. Numer inwentarzowy Data inwentaryzacji Lokalizacja Sygnatura
-3GW.47682015-10-27BE061.1(4-67)
-3GW.47692015-10-27BE061.1(4-67)